000 00559nam a2200181 a 4500
001 BRCA_990
005 20190320203232.0
008 800828s2002 fi-#---##b---#000-0#eng-#
020 _a9525371042
040 _aDLC
_cDLC
_dDLC
050 4 _aNA1455.F53
_b.A48 2002
245 1 0 _aAlvar Aalto
_bdesigner.
260 _a[Helsinki]
_bAlvar Aalto Foundation : Alvar Aalto Museum
_c2002
300 _a240 p.
_bil. (algunas a color)
_c30 cm.
600 1 4 _aAalto, Hugo Alvar Henrik
_d1898-1976
_xCrítica e interpretación
_93268
650 1 4 _aDiseño
_92672
942 _2lcc
_cB
999 _c874
_d874